| 000 | 01142 a2200349 4500 | ||
|---|---|---|---|
| 999 |
_c75603 _d23598 |
||
| 001 | 75603 | ||
| 003 | TR-AnTOB | ||
| 005 | 20210817091034.0 | ||
| 008 | 090709s1995 tu 100 0 tur | ||
| 020 | _a9757628670 | ||
| 040 |
_aTR-AnTOB _cTR-AnTOB |
||
| 041 | _atur | ||
| 050 |
_aHG1662.T9 _bM475 1995 |
||
| 090 | _aHG1662.T9 M475 1995 | ||
| 111 | 2 |
_957103 _aMevduat Sigorta Sistemi _d(1995 : _cİstanbul) |
|
| 245 | 0 |
_aMevduat sigorta sistemi, 3 Kasım 1995, İstanbul : _bkonferans / _cdüzenleyen Türkiye Bankalar Birliği. |
|
| 264 | 1 |
_aİstanbul : _bTürkiye Bankalar Birliği, _c1996. |
|
| 300 |
_a68s. ; _c23 cm. |
||
| 336 |
_2rdacontent _atext _btxt |
||
| 337 |
_2rdamedia _aunmediated _bn |
||
| 338 |
_2rdacarrier _avolume _bnc |
||
| 490 | 0 |
_aTürkiye Bankalar Birliği ; _v195 |
|
| 650 |
_aMevduat sigortası _zTürkiye _vKongreler _957105 |
||
| 650 |
_aDeposit insurance _zTurkey _vCongresses _957104 |
||
| 710 | 2 | 2 |
_aTürkiye Bankalar Birliği _934056 |
| 711 | 2 |
_957103 _aMevduat Sigorta Sistemi _d(1995 : _cİstanbul) |
|
| 902 | _a0030102 | ||
| 903 | _aMerkez Kutuphane | ||
| 942 |
_cBK _2lcc |
||
| 945 | _aSC,C.Ş | ||